[Event "Aeroflot Open B 2017"]
[Site "Moscow RUS"]
[Date "2017.02.23"]
[Round "3.33"]
[White "Sadovsky, Artem"]
[Black "Demianjuk, Alexander"]
[Result "1-0"]
[WhiteElo "2416"]
[BlackElo "2297"]
[WhiteFideId "4155840"]
[BlackFideId "4134249"]
[EventDate "2017.02.21"]

1. e4 c5 2. Nf3 d6 3. c3 Nf6 4. h3 Nc6 5. Bd3 d5 6. exd5 Qxd5 7. Qe2 Qe6 8. O-O
Qxe2 9. Bxe2 e6 10. Na3 Be7 11. d4 cxd4 12. Nb5 O-O 13. Nbxd4 Nxd4 14. Nxd4 e5
15. Nf3 Bd6 16. Rd1 Bc7 17. Be3 Be6 18. Ng5 Bf5 19. Bc5 Rfc8 20. Bc4 Bg6 21. Bb3
e4 22. h4 Ng4 23. Bd4 Re8 24. Bd5 e3 25. f3 Nf2 26. Re1 Bf4 27. Bxb7 Rab8 28.
Bc6 Rec8 29. Bxe3 Nd3 30. Bxf4 Nxf4 31. Bd7 Rd8 32. Red1 h6 33. Nh3 Ne2+ 34. Kh2
Rxb2 35. c4 Nc3 36. Rd6 Bf5 37. Rc1 Rxd7 38. Rxd7 Bxd7 39. Rxc3 Rxa2 40. c5 Bc6
41. Nf4 Ra4 42. Kg3 Rd4 43. Ra3 Ra4 44. Rd3 Rc4 45. Rd8+ Kh7 46. Rc8 Rxc5 47.
Rc7 g5 48. Nd3 gxh4+ 49. Kh2 Rc2 50. Nb4 Rc4 51. Nxc6 Kg7 52. Rxf7+ Kxf7 53.
Ne5+ Ke6 54. Nxc4 Kd5 55. Na5 Kc5 56. Kh3 1-0

[Event "Aeroflot Open B 2017"]
[Site "Moscow RUS"]
[Date "2017.02.23"]
[Round "3.38"]
[White "Martynyuk, Elizaveta"]
[Black "Tunik, Gennady"]
[Result "0-1"]
[WhiteTitle "WFM"]
[BlackTitle "GM"]
[WhiteElo "2169"]
[BlackElo "2395"]
[WhiteFideId "24128511"]
[BlackFideId "4101219"]
[EventDate "2017.02.21"]

1. e4 c5 2. Nf3 e6 3. d4 cxd4 4. Nxd4 a6 5. Bd3 Nf6 6. O-O Qc7 7. Qe2 d6 8. c4
g6 9. Nc3 Bg7 10. Be3 O-O 11. Rad1 Nbd7 12. f4 Re8 13. Kh1 b6 14. h3 Bb7 15. Nb3
Rac8 16. Qf2 Bc6 17. Bb1 Ba8 18. Bd4 Qb8 19. Nd2 b5 20. cxb5 axb5 21. Bd3 b4 22.
Nb5 Nc5 23. Bxc5 Rxc5 24. e5 Rxb5 25. Bxb5 Qxb5 26. exf6 Bxf6 27. Nf3 Qa6 28. b3
Rc8 29. Qd2 Bc3 30. Qxd6 Qxa2 31. Qe7 Qe2 32. Rd8+ Rxd8 33. Qxd8+ Kg7 34. Kg1
Bd5 35. Rf2 Qd1+ 36. Rf1 Qxb3 37. h4 h5 38. Qc7 Qc4 39. Qxc4 Bxc4 40. Rc1 Bd3
41. Kf2 Kf6 42. Ke3 Kf5 43. g3 Kg4 44. Ng5 f5 45. Nh7 Kxg3 46. Nf8 Kxh4 47.
Nxg6+ Kg3 48. Rg1+ Kh2 49. Rg5 b3 50. Rxh5+ Kg1 51. Rg5+ Kf1 52. Nh4 b2 0-1

[Event "Aeroflot Open B 2017"]
[Site "Moscow RUS"]
[Date "2017.02.23"]
[Round "3.40"]
[White "Nihal, Sarin"]
[Black "Spichkin, Alexander"]
[Result "1-0"]
[WhiteTitle "FM"]
[WhiteElo "2386"]
[BlackElo "2143"]
[WhiteFideId "25092340"]
[BlackFideId "4144074"]
[EventDate "2017.02.21"]

1. d4 f5 2. Nf3 e6 3. g3 Nf6 4. Bg2 d5 5. O-O Bd6 6. c4 c6 7. Qc2 O-O 8. Nc3 Ne4
9. Rb1 Qe8 10. b4 b5 11. c5 Bc7 12. Bf4 Bxf4 13. gxf4 Nd7 14. e3 Nxc3 15. Qxc3
h6 16. Kh1 Qd8 17. Rg1 a5 18. a3 Ra7 19. Bf1 Qc7 20. Bd3 Nf6 21. Ne5 Nd7 22. Ng6
Rf6 23. Rg2 axb4 24. axb4 Nf8 25. Ne5 Nd7 26. Nf3 Ra2 27. Rbg1 Rf7 28. Bb1 Ra6
29. Rg6 Nf6 30. Ne5 Ng4 31. Nxg4 fxg4 32. h3 Kf8 33. hxg4 Rf6 34. g5 Rxg6 35.
Bxg6 Qe7 36. Qc2 Bd7 37. Qe2 Be8 38. Qh5 Bxg6 39. Qxg6 hxg5 40. Rxg5 Ra1+ 41.
Kg2 Qf6 42. Qh5 Qh6 43. Qxh6 gxh6 44. Rg6 Ke7 45. f5 exf5 46. Rxc6 Rb1 47. Rxh6
Rxb4 48. Rd6 f4 49. Rxd5 fxe3 50. fxe3 Ke6 51. Rd6+ Kf5 52. Kf3 Rb3 53. c6 Rc3
54. Rd5+ Kf6 55. Rc5 Rxc5 56. dxc5 Ke7 57. Ke4 Kd8 58. Kd5 1-0

[Event "Aeroflot Open B 2017"]
[Site "Moscow RUS"]
[Date "2017.02.23"]
[Round "3.43"]
[White "Hakobyan, Hovhannes H."]
[Black "Charochkina, Daria"]
[Result "1/2-1/2"]
[BlackTitle "IM"]
[WhiteElo "2103"]
[BlackElo "2383"]
[WhiteFideId "13306308"]
[BlackFideId "4180917"]
[EventDate "2017.02.21"]

1. e4 c6 2. d4 d5 3. exd5 cxd5 4. c4 Nf6 5. Nc3 Nc6 6. Nf3 g6 7. cxd5 Nxd5 8.
Bc4 Nb6 9. Be2 Bg7 10. Be3 Bg4 11. O-O O-O 12. Rc1 Rb8 13. d5 Nb4 14. Bxb6 Qxb6
15. Qb3 e6 16. h3 Bxf3 17. Bxf3 Bxc3 18. Rxc3 Nxd5 19. Bxd5 exd5 20. Qxb6 axb6
21. Rd1 Rfd8 22. Rc7 Rd6 23. Kf1 Rc6 24. Rc1 Rxc1+ 25. Rxc1 Ra8 26. a3 Ra5 27.
Rc8+ Kg7 28. Rd8 Rc5 29. b4 Rc3 30. Ke2 Rc2+ 31. Ke1 1/2-1/2

[Event "Aeroflot Open B 2017"]
[Site "Moscow RUS"]
[Date "2017.02.23"]
[Round "3.45"]
[White "Nikolenko, Oleg"]
[Black "Kakageldyev, Amanmurad"]
[Result "0-1"]
[WhiteTitle "GM"]
[BlackTitle "IM"]
[WhiteElo "2490"]
[BlackElo "2374"]
[WhiteFideId "4101880"]
[BlackFideId "14000024"]
[EventDate "2017.02.21"]

1. e4 g6 2. d4 Bg7 3. Nc3 d6 4. Nf3 c6 5. Be2 Nf6 6. O-O O-O 7. Re1 Nbd7 8. Bf4
Qc7 9. e5 Nh5 10. Bg5 dxe5 11. Bxe7 Re8 12. d5 Nf4 13. d6 Nxe2+ 14. Qxe2 Qb6 15.
Ng5 Qb4 16. Rad1 h6 17. Nge4 b5 18. h4 f5 19. Ng3 Qc4 20. Qf3 b4 21. Na4 e4 22.
Qf4 Qxc2 23. h5 Ne5 24. hxg6 Nd3 25. Rxd3 exd3 26. Nf1 b3 27. axb3 Qxb3 28. Nd2
Qd5 29. Nc3 Qd4 30. Qf3 Bd7 31. Re3 Qg4 32. Rxd3 Qxf3 33. gxf3 Rab8 34. Na4 Rb5
35. Nb3 Rd5 36. Re3 Bf8 37. Nc3 Rxd6 38. Bxd6 Rxe3 39. fxe3 Bxd6 40. Ne2 Kg7 41.
Nf4 Bxf4 42. exf4 Kxg6 43. Nc5 Be8 44. Kf2 Kf6 45. b4 Ke7 46. Ke3 Kd6 47. Kd4 h5
48. Nb7+ Kc7 49. Nc5 h4 50. Ne6+ Kd6 51. Ng5 Bd7 52. Nf7+ Kc7 53. Ng5 Kb6 54.
Kc4 Bc8 55. Kd4 Kb5 56. Kc3 Ka4 57. Kc4 Ba6+ 0-1

[Event "Aeroflot Open B 2017"]
[Site "Moscow RUS"]
[Date "2017.02.23"]
[Round "3.46"]
[White "Ivanov, Oleg V UKR"]
[Black "Zakaryan, David"]
[Result "1/2-1/2"]
[WhiteTitle "IM"]
[BlackTitle "FM"]
[WhiteElo "2482"]
[BlackElo "2320"]
[WhiteFideId "14110709"]
[BlackFideId "24101923"]
[EventDate "2017.02.21"]

1. e4 c6 2. d4 d5 3. Nc3 dxe4 4. Nxe4 Bf5 5. Ng3 Bg6 6. h4 h6 7. f4 e6 8. Nf3
Bd6 9. h5 Bh7 10. Bd3 Bxd3 11. Qxd3 Qc7 12. Ne5 Nf6 13. Be3 Nbd7 14. O-O-O Rf8
15. c4 O-O-O 16. Qe2 c5 17. Kb1 Kb8 18. a3 cxd4 19. Bxd4 Bxe5 20. fxe5 Nh7 21.
Ne4 Qc6 22. Rhf1 Ng5 23. Nxg5 hxg5 24. Bc3 Nc5 25. Rxd8+ Rxd8 26. Rxf7 Qa4 27.
Rf1 a5 28. Rc1 Nd3 29. Rd1 Qxc4 30. Bxa5 Rd5 31. Qc2 Qxc2+ 32. Kxc2 Rxa5 33.
Rxd3 Rxe5 34. Rd7 Re2+ 35. Kd3 Rxb2 36. Rxg7 Rxg2 37. h6 Rh2 38. h7 Ka7 39. Ke4
Rh6 40. Ke5 g4 41. Kf4 e5+ 42. Kxg4 e4 43. Kg5 Rh1 44. Kf4 Rh4+ 45. Ke3 Ka6 46.
Re7 b6 47. Kf2 Rh6 48. Ke3 Rh4 49. Kd4 Kb5 50. Ke5 e3 51. Kf5 e2 52. Kg6 Rg4+
53. Kf7 Rf4+ 54. Kg8 Rg4+ 55. Kf8 Rf4+ 56. Kg7 Rg4+ 57. Kf6 Rh4 58. Kg6 Rg4+ 59.
Kh5 Rg2 60. Kh6 Rh2+ 1/2-1/2

[Event "Aeroflot Open B 2017"]
[Site "Moscow RUS"]
[Date "2017.02.23"]
[Round "3.47"]
[White "Savitskiy, Sergey"]
[Black "Zhu, Yi"]
[Result "0-1"]
[WhiteTitle "FM"]
[BlackTitle "FM"]
[WhiteElo "2415"]
[BlackElo "2317"]
[WhiteFideId "24105660"]
[BlackFideId "8607435"]
[EventDate "2017.02.21"]

1. e4 c5 2. Nf3 d6 3. d4 cxd4 4. Qxd4 Nf6 5. c4 Nc6 6. Qe3 Bg4 7. Be2 g6 8. O-O
Bg7 9. Nbd2 O-O 10. h3 Bxf3 11. Nxf3 Qb6 12. Qf4 h6 13. Bd3 Nh5 14. Qd2 e5 15.
Rb1 Nf4 16. b4 Nd4 17. Qe3 Nde2+ 18. Bxe2 Qxe3 19. Bxe3 Nxe2+ 20. Kh2 Nc3 21.
Rb2 Nxe4 22. Nd2 Nf6 23. Nb3 Rfc8 24. c5 d5 25. f4 exf4 26. Bd4 g5 27. Rd1 Re8
28. b5 Rac8 29. Rc2 g4 30. hxg4 Nxg4+ 31. Kh3 Ne3 32. Bxe3 fxe3 33. Re2 d4 34.
Kg4 Re6 35. Kf3 Rce8 36. g3 Rd8 37. Nc1 b6 38. c6 a6 39. a4 axb5 40. axb5 Re5
41. Rb2 Rde8 42. Ke2 Rg5 43. Kd3 Rxg3 44. Ne2 Rg5 45. Ra1 Rc5 46. Ra6 Rb8 47.
Rba2 Kh7 48. Ra8 Rxa8 49. Rxa8 Be5 50. Nxd4 Bxd4 51. Kxd4 e2 52. Re8 Rxb5 53.
Rxe2 Rc5 54. Re7 Rxc6 55. Rxf7+ Kg6 56. Rf1 h5 57. Rg1+ Kf5 58. Kd5 Rh6 59. Rf1+
Kg4 60. Ke4 Re6+ 61. Kd5 Rh6 62. Ke4 h4 63. Rg1+ Kh3 64. Rg5 Rf6 65. Ke3 Kh2 66.
Ke2 h3 67. Ke3 Kh1 68. Ke2 h2 69. Ke1 b5 70. Rxb5 Kg2 71. Rg5+ Kh3 72. Rh5+ Kg3
73. Ke2 Rf4 0-1

[Event "Aeroflot Open B 2017"]
[Site "Moscow RUS"]
[Date "2017.02.23"]
[Round "3.54"]
[White "Savenkov, Konstantin"]
[Black "Maltsevskaya, Aleksandra"]
[Result "1-0"]
[WhiteTitle "FM"]
[WhiteElo "2365"]
[BlackElo "2259"]
[WhiteFideId "4138600"]
[BlackFideId "24174041"]
[EventDate "2017.02.21"]

1. e4 c5 2. Nf3 e6 3. d3 Nc6 4. g3 d5 5. Nbd2 Nf6 6. Bg2 g6 7. O-O Bg7 8. exd5
Nxd5 9. Nb3 b6 10. d4 c4 11. Nbd2 c3 12. Ne4 O-O 13. Nxc3 Nxc3 14. bxc3 Bb7 15.
Bf4 Na5 16. Qd3 Rc8 17. Nd2 Bxg2 18. Kxg2 Qd5+ 19. Kg1 Qc6 20. Ne4 f5 21. Nd6
Rcd8 22. Nb5 e5 23. Nxa7 Qb7 24. Bg5 Qxa7 25. Bxd8 Rxd8 26. Qb5 exd4 27. cxd4
Nb7 28. Qb3+ Kh8 29. c3 Nd6 30. Rad1 Qc7 31. Rd3 Ne4 32. Kg2 Nc5 33. dxc5 Rxd3
34. cxb6 Qb7+ 35. Kg1 Rxc3 36. Qe6 Rc8 37. a4 Rd8 38. a5 Qe4 39. Qxe4 fxe4 40.
a6 Bd4 41. Rd1 Kg7 42. a7 e3 43. Rxd4 Rxd4 44. fxe3 Ra4 45. b7 Rxa7 46. b8=Q Re7
47. Kf2 Rf7+ 48. Ke2 Re7 49. Qd6 Kf7 50. Kf3 Ke8 51. e4 Rd7 52. Qc6 Ke7 53. e5
Rd8 54. Qf6+ 1-0

[Event "Aeroflot Open B 2017"]
[Site "Moscow RUS"]
[Date "2017.02.23"]
[Round "3.57"]
[White "Gevorgyan, David Sh."]
[Black "Bogaudinov, Rushan"]
[Result "1/2-1/2"]
[WhiteTitle "IM"]
[WhiteElo "2324"]
[BlackElo "2241"]
[WhiteFideId "13303244"]
[BlackFideId "4129288"]
[EventDate "2017.02.21"]

1. d4 Nf6 2. c4 g6 3. Nc3 Bg7 4. e4 d6 5. Be2 c6 6. Be3 Nbd7 7. Nf3 O-O 8. h3
Qc7 9. O-O b6 10. Qc2 Bb7 11. Rac1 Rac8 12. Rfd1 b5 13. a3 bxc4 14. Bxc4 c5 15.
d5 Nb6 16. Be2 Qb8 17. Qd2 Rfe8 18. Bh6 Bh8 19. Qf4 Nh5 20. Qh4 Nd7 21. Ng5 Ndf6
22. Bc4 Bg7 23. Bxg7 Kxg7 24. g4 Nf4 25. Qg3 h6 26. Qxf4 hxg5 27. Qxg5 Rh8 28.
Bf1 Rce8 29. Qd2 Bc8 30. Bg2 Bd7 31. Re1 Qc7 32. Rcd1 Rb8 33. Qe2 Rb3 34. Rd2
Rhb8 35. f4 c4 36. e5 Qb6+ 37. Qf2 Qxf2+ 38. Kxf2 Ne8 39. Ree2 Kf8 40. Be4 R3b6
41. e6 Bc8 42. exf7 Kxf7 43. Bc2 Nf6 44. Ba4 Ba6 45. Ke3 Rc8 46. g5 Nh5 47. Bd7
Rcb8 48. Kf3 Bc8 49. Be6+ Kf8 50. Rd4 Ng7 51. h4 Bxe6 52. dxe6 Rxb2 53. Rxc4
Rxe2 54. Kxe2 Nxe6 55. Ra4 Rb2+ 56. Ke3 Rb3 57. Kd2 Rb2+ 58. Ke3 Rh2 59. Rxa7
Rh3+ 60. Kd2 Nxf4 61. a4 Rxh4 62. a5 Rh1 63. a6 Ra1 64. Ra8+ Kf7 65. a7 Ra5 66.
Nb5 Rxb5 67. Rf8+ Kxf8 68. a8=Q+ Kg7 69. Qe4 Rd5+ 70. Kc2 e5 71. Qh1 Kf7 72. Qh8
Ke6 73. Qc8+ 1/2-1/2

[Event "Aeroflot Open B 2017"]
[Site "Moscow RUS"]
[Date "2017.02.24"]
[Round "4.1"]
[White "Lintchevski, Daniil"]
[Black "Elistratov, Semen"]
[Result "1/2-1/2"]
[WhiteTitle "GM"]
[BlackTitle "FM"]
[WhiteElo "2524"]
[BlackElo "2407"]
[WhiteFideId "4171055"]
[BlackFideId "24134325"]
[EventDate "2017.02.21"]

1. Nf3 d5 2. d4 Nf6 3. c4 e6 4. Nc3 Nbd7 5. Bg5 h6 6. Bh4 Be7 7. e3 O-O 8. Rc1
c5 9. dxc5 dxc4 10. c6 bxc6 11. Bxc4 Rb8 12. Qe2 Nd5 13. Bxe7 Qxe7 14. O-O N7b6
15. Bd3 e5 16. Nd2 Nxc3 17. Rxc3 Na4 18. Rb3 Be6 19. Bc4 Rfd8 20. Bxe6 Qxe6 21.
Rxb8 Rxb8 22. Nb3 c5 23. Rc1 Nxb2 24. Rxc5 Na4 25. Rc7 Qg6 26. h3 Rd8 27. Rxa7
Nc3 28. Qc4 Ne4 29. Qc2 Ng3 30. Qxg6 Rd1+ 31. Kh2 Nf1+ 32. Kg1 Nxe3+ 33. Kh2
Nf1+ 34. Kg1 Ne3+ 1/2-1/2

[Event "Aeroflot Open B 2017"]
[Site "Moscow RUS"]
[Date "2017.02.24"]
[Round "4.2"]
[White "Lugovskoy, Maxim"]
[Black "Hayrapetyan, Hovik"]
[Result "1/2-1/2"]
[WhiteTitle "IM"]
[BlackTitle "GM"]
[WhiteElo "2447"]
[BlackElo "2514"]
[WhiteFideId "24126454"]
[BlackFideId "13302639"]
[EventDate "2017.02.21"]

1. e4 c5 2. Nf3 e6 3. c3 Nf6 4. e5 Nd5 5. d4 cxd4 6. cxd4 b6 7. Bd3 Ba6 8. Nc3
Nxc3 9. bxc3 Bxd3 10. Qxd3 d5 11. exd6 Bxd6 12. Ng5 Qc7 13. Qf3 Nc6 14. O-O h6
15. Ne4 O-O 16. h3 Rfd8 17. Re1 Rac8 18. Bd2 Na5 19. Bxh6 gxh6 20. Nf6+ Kf8 21.
Qg4 Bh2+ 22. Kh1 Qf4 23. Qg8+ Ke7 24. Nd5+ Rxd5 25. Qxc8 Qc7 26. Qa8 Rd8 27. Qf3
Bd6 28. Rad1 Rg8 29. Rd3 Rg6 30. Qh5 Nc4 31. Rf3 Nd2 32. Rd3 Nc4 33. Rf3 Nd2 34.
Rd3 Bf4 35. d5 Qc5 36. Qh4+ Bg5 37. d6+ Kd7 38. Qa4+ b5 39. Qa6 Qb6 40. Qxb6
axb6 41. h4 Bf6 42. Rxd2 Bxc3 43. Red1 Bxd2 44. Rxd2 Rg4 45. g3 Rc4 46. Kg2 h5
47. f3 f5 48. Kf2 Rc3 49. Rb2 Ra3 50. Rxb5 Rxa2+ 51. Ke3 Kc6 52. Rb3 Ra6 53. Kf4
Kxd6 54. Kg5 Ke7 55. Kxh5 Kf6 56. g4 Ra8 57. gxf5 1/2-1/2

[Event "Aeroflot Open B 2017"]
[Site "Moscow RUS"]
[Date "2017.02.24"]
[Round "4.3"]
[White "Mikaelyan, Arman"]
[Black "Levin, Evgeny A."]
[Result "1/2-1/2"]
[WhiteTitle "IM"]
[BlackTitle "GM"]
[WhiteElo "2442"]
[BlackElo "2506"]
[WhiteFideId "13304852"]
[BlackFideId "4182596"]
[EventDate "2017.02.21"]

1. d4 Nf6 2. c4 e6 3. Nf3 b6 4. g3 Ba6 5. b3 Bb4+ 6. Bd2 Be7 7. Nc3 Bb7 8. Bg2
d5 9. Ne5 O-O 10. O-O Na6 11. cxd5 exd5 12. Rc1 Ba3 13. Rb1 Be7 14. Bf4 Qc8 15.
h4 Rd8 16. e3 c5 17. Nb5 Qe6 18. Kh2 Bf8 19. Qe2 Ne4 20. dxc5 bxc5 21. Bxe4 dxe4
22. Rfd1 f6 23. Nc4 Rd3 24. Nbd6 Bd5 25. Rxd3 exd3 26. Qxd3 Nb4 27. Qd2 Rd8 28.
a3 Nc6 29. Rd1 Bxc4 30. bxc4 Ne5 31. Bxe5 fxe5 32. Qa5 Rxd6 33. Rxd6 Bxd6 34.
Qxa7 Qxc4 35. a4 Qf7 36. Qa8+ Bf8 37. Kg2 c4 38. Qc6 c3 39. Qxc3 Qd5+ 40. Kh2
Qa2 41. Qxe5 Qxf2+ 42. Kh3 Qf1+ 43. Kh2 Qe2+ 44. Kh3 h5 45. Qd5+ Kh8 46. Qf5 Kg8
47. Qd5+ Kh7 48. Qf5+ Kg8 1/2-1/2

[Event "Aeroflot Open B 2017"]
[Site "Moscow RUS"]
[Date "2017.02.24"]
[Round "4.4"]
[White "Makhmutov, Rail"]
[Black "Atabayev, Maksat"]
[Result "1/2-1/2"]
[WhiteTitle "FM"]
[BlackTitle "GM"]
[WhiteElo "2437"]
[BlackElo "2492"]
[WhiteFideId "4122151"]
[BlackFideId "14001101"]
[EventDate "2017.02.21"]

1. e4 c5 2. Nf3 e6 3. g3 a6 4. Bg2 b5 5. O-O Bb7 6. Re1 Nf6 7. e5 Nd5 8. Nc3 Be7
9. a4 O-O 10. axb5 Nxc3 11. dxc3 axb5 12. Rxa8 Bxa8 13. Bf4 Na6 14. b3 Bd5 15.
Nd2 Bxg2 16. Kxg2 d5 17. exd6 Bxd6 18. Bxd6 Qxd6 19. Ne4 Qe7 20. Qd6 Qb7 21. f3 1/2-1/2

[Event "Aeroflot Open B 2017"]
[Site "Moscow RUS"]
[Date "2017.02.24"]
[Round "4.5"]
[White "Evdokimov, Alexander A."]
[Black "Kozionov, Kirill"]
[Result "1/2-1/2"]
[WhiteTitle "GM"]
[BlackTitle "IM"]
[WhiteElo "2492"]
[BlackElo "2439"]
[WhiteFideId "4139275"]
[BlackFideId "24101729"]
[EventDate "2017.02.21"]

1. d4 d5 2. c4 dxc4 3. Nf3 Nf6 4. e3 e6 5. Bxc4 a6 6. O-O c5 7. dxc5 Qxd1 8.
Rxd1 Bxc5 9. Nbd2 O-O 10. Nb3 Be7 11. Be2 Nc6 12. Bd2 b6 13. Rac1 Bb7 14. Rc2
Rfc8 15. Rdc1 Bd6 16. Be1 Nb4 17. Rxc8+ 1/2-1/2

[Event "Aeroflot Open B 2017"]
[Site "Moscow RUS"]
[Date "2017.02.24"]
[Round "4.6"]
[White "Gasanov, Eldar"]
[Black "Battaglini, Gabriel"]
[Result "1/2-1/2"]
[WhiteTitle "GM"]
[BlackTitle "IM"]
[WhiteElo "2479"]
[BlackElo "2444"]
[WhiteFideId "14104466"]
[BlackFideId "621650"]
[EventDate "2017.02.21"]

1. c4 Nf6 2. Nf3 e6 3. Nc3 d5 4. d4 Bb4 5. e3 O-O 6. Bd3 dxc4 7. Bxc4 c5 8. O-O
cxd4 9. exd4 Nc6 10. a3 Be7 11. Qd3 b6 12. Bg5 h6 13. Bh4 Nh5 14. Bxe7 Qxe7 15.
Qe4 Bd7 16. Ne5 Nf6 17. Qd3 Rac8 18. Rfd1 1/2-1/2

[Event "Aeroflot Open B 2017"]
[Site "Moscow RUS"]
[Date "2017.02.24"]
[Round "4.7"]
[White "Vokhidov, Shamsiddin"]
[Black "Lin, Chen"]
[Result "0-1"]
[WhiteTitle "IM"]
[BlackTitle "GM"]
[WhiteElo "2355"]
[BlackElo "2478"]
[WhiteFideId "14204223"]
[BlackFideId "8602298"]
[EventDate "2017.02.21"]

1. e4 c5 2. Nf3 e6 3. d4 cxd4 4. Nxd4 Nf6 5. Nc3 Nc6 6. Ndb5 d6 7. Bf4 e5 8. Bg5
a6 9. Na3 b5 10. Nd5 Be7 11. Bxf6 Bxf6 12. c4 b4 13. Nc2 a5 14. g3 O-O 15. h4 a4
16. Be2 Be6 17. Ndxb4 Nxb4 18. Nxb4 Qb6 19. a3 Bd8 20. O-O Qc5 21. Nd3 Qd4 22.
Nb4 Bb6 23. Qxd4 Bxd4 24. Rab1 f5 25. exf5 Bxf5 26. Bf3 Rab8 27. Ra1 Be6 28. Bd5
Bxd5 29. cxd5 Bxb2 30. Ra2 Bxa3 31. Nc2 Bc5 32. Rxa4 Rf3 33. Kg2 Rbf8 34. Ne1
Rxf2+ 35. Rxf2 Rxf2+ 36. Kh3 h5 37. Nd3 Rd2 38. Nxc5 dxc5 39. g4 hxg4+ 40. Rxg4
Kf7 41. Ra4 Rxd5 42. Ra7+ Kf6 43. Rc7 g6 44. Kg3 Rd3+ 45. Kg4 Rd4+ 46. Kg3 c4
47. Rc8 Kf5 48. Rc6 Rd3+ 49. Kf2 c3 50. Ke2 Rh3 51. Rc4 Rh2+ 52. Ke3 c2 53. Kd3
Rxh4 54. Rxc2 Rh3+ 55. Kc4 e4 56. Ra2 g5 57. Ra8 Rd3 58. Rf8+ Kg4 59. Re8 Kf3
60. Rg8 g4 61. Rf8+ Kg2 62. Rf4 g3 63. Rxe4 Rd8 64. Rg4 Kh2 65. Rh4+ Kg1 66. Rg4
g2 67. Rg7 Rf8 0-1

[Event "Aeroflot Open B 2017"]
[Site "Moscow RUS"]
[Date "2017.02.24"]
[Round "4.8"]
[White "Zakhartsov, Vladimir"]
[Black "Kazakovskiy, Valeriy"]
[Result "0-1"]
[WhiteTitle "IM"]
[BlackTitle "IM"]
[WhiteElo "2453"]
[BlackElo "2429"]
[WhiteFideId "4145097"]
[BlackFideId "13507443"]
[EventDate "2017.02.21"]

1. d4 Nf6 2. c4 e6 3. Nf3 Bb4+ 4. Bd2 Bxd2+ 5. Qxd2 O-O 6. Nc3 d6 7. g3 Nc6 8.
Bg2 e5 9. O-O Bg4 10. e3 a5 11. h3 Bf5 12. Nh4 Bd7 13. f4 exd4 14. exd4 a4 15.
Kh2 Na5 16. Qd3 Be6 17. d5 Bd7 18. Nf3 c5 19. dxc6 Bxc6 20. Nd5 Bxd5 21. cxd5
Qb6 22. Nd4 Rac8 23. Nf5 Rc7 24. Rac1 Rxc1 25. Rxc1 Qxb2 26. Qc3 a3 27. Rc2 Qxc3
28. Rxc3 b5 29. Rxa3 Nc4 30. Ra6 Rd8 31. Nd4 b4 32. Nc2 h5 33. Nxb4 Rb8 34. Nd3
Rb1 35. Rc6 Ne3 36. Rc1 Rxc1 37. Nxc1 Nfxd5 38. Bf3 h4 39. a4 hxg3+ 40. Kxg3
Nf5+ 41. Kf2 Nxf4 42. a5 Nxh3+ 43. Kf1 Nd4 44. a6 Nb5 45. Nb3 Ng5 46. Nd4 Nc7
47. Bb7 Nge6 48. Nf5 Nc5 49. Nxd6 N5xa6 50. Be4 Nc5 51. Bb1 Kf8 52. Kf2 N7e6 53.
Kg3 Ke7 54. Nf5+ Kf6 55. Nd6 Nd7 56. Bh7 Ke7 57. Nf5+ Kf8 58. Nd6 Nf6 59. Bb1
Ne8 60. Nf5 Nc5 61. Ba2 f6 62. Kg4 Nd3 63. Nd4 g6 64. Nf3 Nf2+ 65. Kf4 Ng7 66.
Bb1 Nh5+ 67. Ke3 Ng4+ 68. Kd4 g5 69. Kd5 Ke7 70. Nd4 Nf4+ 71. Ke4 Nh6 72. Ba2
Ng6 73. Bb3 Nh4 74. Be6 Kd6 75. Bh3 Ng6 76. Nf5+ Nxf5 77. Kxf5 Nf4 78. Bf1 Ke7
79. Bc4 Ng2 80. Bd3 Nh4+ 81. Kg4 Ke6 82. Be4 Ke5 83. Bb1 Ng2 84. Kf3 Nf4 85. Kg4
Nd5 86. Bh7 Ne3+ 87. Kf3 Nf5 88. Kg4 Nh6+ 89. Kh5 g4 90. Kh4 Kf4 91. Bd3 Nf5+
92. Kh5 g3 93. Bf1 Ne3 94. Bh3 g2 95. Bxg2 Nxg2 96. Kg6 f5 0-1

[Event "Aeroflot Open B 2017"]
[Site "Moscow RUS"]
[Date "2017.02.24"]
[Round "4.9"]
[White "Ofitserian, Boris"]
[Black "Atabayev, Yusup"]
[Result "1/2-1/2"]
[WhiteTitle "FM"]
[BlackTitle "IM"]
[WhiteElo "2365"]
[BlackElo "2475"]
[WhiteFideId "24199443"]
[BlackFideId "14001128"]
[EventDate "2017.02.21"]

1. d4 Nf6 2. c4 g6 3. Nf3 Bg7 4. g3 O-O 5. Bg2 d6 6. O-O Nbd7 7. Nc3 e5 8. e4
exd4 9. Nxd4 Re8 10. Re1 a6 11. h3 Rb8 12. Be3 c5 13. Nde2 Ne5 14. b3 b5 15.
cxb5 axb5 16. a4 bxa4 17. f4 Neg4 18. hxg4 Nxg4 19. Bd2 axb3 20. Nd5 Be6 21. Bc3
Bxd5 22. Qxd5 Ne3 23. Qd3 Nc2 24. Bxg7 Kxg7 25. Nc3 Nxa1 26. Rxa1 b2 27. Rb1 Qb6
28. Kh2 Qb3 29. Qd2 Qb4 30. Qc2 h5 31. Nd1 Qd4 32. Rxb2 Rb4 33. Ra2 Reb8 34. Ra3
Qf6 35. Qc3 Qxc3 36. Rxc3 Rd4 37. Ne3 Rb2 38. Kg1 Rbd2 39. Bf3 Rb4 40. Bg2 Rbd4
41. Bf3 R2d3 42. Rxd3 Rxd3 43. Kf2 Rd4 44. Ke2 Rb4 45. Kd2 Rb2+ 46. Kc1 Rb3 47.
Kd2 c4 48. Bd1 Ra3 49. Ke2 Kf8 50. Kf2 Ra2+ 51. Ke1 Ke7 52. Nxc4 h4 53. gxh4 Rh2
54. Ne3 Rxh4 55. Bf3 Kd7 56. Nd5 Rh2 57. Ne3 Ra2 58. Be2 Kc6 59. Bc4 Ra7 60. Kd2
Kc5 61. Kc3 Ra3+ 62. Bb3 Rxb3+ 63. Kxb3 Kd4 64. Nc4 Kxe4 65. Nxd6+ Kxf4 66. Nxf7 1/2-1/2

[Event "Aeroflot Open B 2017"]
[Site "Moscow RUS"]
[Date "2017.02.24"]
[Round "4.10"]
[White "Sadovsky, Artem"]
[Black "Demidov, Mikhail"]
[Result "1/2-1/2"]
[BlackTitle "IM"]
[WhiteElo "2416"]
[BlackElo "2534"]
[WhiteFideId "4155840"]
[BlackFideId "4197143"]
[EventDate "2017.02.21"]

1. Nf3 d5 2. c4 d4 3. e4 Nc6 4. d3 e5 5. Be2 Be7 6. O-O a5 7. Ne1 Nf6 8. f4 exf4
9. Bxf4 Nd7 10. Bg4 O-O 11. Na3 Nde5 12. Bxc8 Rxc8 13. Nac2 Qd7 14. Qh5 g6 15.
Qe2 f6 16. Nf3 Rf7 17. Nxe5 fxe5 18. Bh6 Nd8 19. Bd2 b6 20. b3 Bf6 21. Rf2 Bg7
22. Raf1 Rxf2 23. Rxf2 Ne6 24. Qg4 Re8 25. h4 Nc5 26. Qxd7 Nxd7 27. Kf1 Bf6 28.
g3 Kg7 29. Ke2 Be7 30. Rf1 h6 31. Ra1 Rh8 32. Rh1 Nc5 33. Ne1 Na6 34. Nf3 Bd6
35. h5 g5 36. Nh2 Rf8 37. Rb1 Nc5 38. Rf1 Rxf1 39. Nxf1 Kf6 40. g4 Nd7 41. Ng3
Ke6 42. Nf5 Bf8 43. Bc1 c6 44. Bd2 Nf6 45. c5 Bxc5 46. Nxh6 Nh7 47. Nf5 Bf8 48.
Ng3 Ba3 49. Nh1 Kf7 50. Nf2 Ke6 51. Nh3 Be7 52. Ng1 Bd8 53. Nf3 b5 54. Be1 c5
55. a4 b4 56. Bg3 Be7 57. Nd2 Nf8 58. Nc4 Nd7 59. Be1 Kf6 60. Nd2 Nf8 61. Nf3
Bd6 62. Bg3 Be7 63. h6 Bd6 64. Kf2 Ng6 65. Nd2 Be7 66. Nf3 Nh8 67. h7 Nf7 68.
Nd2 Kg7 69. Nc4 Kxh7 70. Kf3 Kg6 71. Bh2 Kf6 72. Bg3 1/2-1/2